[Event "GRE-chT U16 14th"]
[Site "Rio Achaia"]
[Date "2022.12.18"]
[Round "6"]
[White "Moschat, Iosif Theodoros"]
[Black "Karakasidis, Michail"]
[Result "1-0"]
[WhiteElo "1314"]
[BlackElo "1664"]
[PlyCount "71"]
[EventDate "2022.12.15"]
[EventType "team-swiss"]
[EventRounds "6"]
[EventCountry "GRE"]
[SourceTitle "EXT 2024"]
[Source "ChessBase"]
[SourceDate "2023.10.10"]
[SourceVersion "1"]
[SourceVersionDate "2023.10.10"]
[SourceQuality "1"]

1. d4 e6 2. Nf3 Nf6 3. g3 c5 4. Bg2 cxd4 5. Nxd4 d5 6. 0-0 e5 7. Nf3 Nc6 8. Bg5 Be6 9. Nc3 Be7 10. Ne1 d4 11. Bxf6 Bxf6 12. Ne4 Be7 13. Nd3 Qb6 14. a3 f5 15. Nd2 Bf6 16. b4 Rd8 17. Nc5 Bd5 18. Bxd5 Rxd5 19. Nc4 Qc7 20. e4 fxe4 21. Nxe4 0-0 22. Nc5 Qf7 23. Qg4 Re8 24. Ne4 Red8 25. f4 Kh8 26. b5 Rxb5 27. Ncd6 Qd5 28. Nxb5 Qxe4 29. Rae1 Qxc2 30. fxe5 Nxe5 31. Qe6 Qg6 32. Nd6 h5 33. Rxe5 Rf8 34. Rff5 Bg5 35. Rxf8+ Kh7 36. Rh8+ 1-0

[Event "GRE-chT U16 14th"]
[Site "Rio Achaia"]
[Date "2022.12.17"]
[Round "5"]
[White "Christodoulou, Panormitis"]
[Black "Moschat, Iosif Theodoros"]
[Result "1-0"]
[WhiteElo "1964"]
[BlackElo "1314"]
[PlyCount "29"]
[EventDate "2022.12.15"]
[EventType "team-swiss"]
[EventRounds "6"]
[EventCountry "GRE"]
[SourceTitle "EXT 2024"]
[Source "ChessBase"]
[SourceDate "2023.10.10"]
[SourceVersion "1"]
[SourceVersionDate "2023.10.10"]
[SourceQuality "1"]

1. e4 b6 2. d4 Bb7 3. Bd3 Nf6 4. Nc3 e6 5. Nf3 Bb4 6. Qe2 0-0 7. 0-0 Re8 8. e5 Nd5 9. Nxd5 exd5 10. Bxh7+ Kf8 11. Ng5 Qe7 12. Qh5 Rc8 13. c3 f6 14. Bg6 fxg5 15. Qh8# 1-0

[Event "GRE-chT U16 14th"]
[Site "Rio Achaia"]
[Date "2022.12.16"]
[Round "2"]
[White "Moschat, Iosif Theodoros"]
[Black "Schetakis, Georgios"]
[Result "1-0"]
[WhiteElo "1314"]
[BlackElo "1196"]
[PlyCount "107"]
[EventDate "2022.12.15"]
[EventType "team-swiss"]
[EventRounds "6"]
[EventCountry "GRE"]
[SourceTitle "EXT 2024"]
[Source "ChessBase"]
[SourceDate "2023.10.10"]
[SourceVersion "1"]
[SourceVersionDate "2023.10.10"]
[SourceQuality "1"]

1. d4 Nf6 2. c4 g6 3. Nc3 Bg7 4. Bf4 d6 5. e3 0-0 6. Bd3 Nbd7 7. Nf3 Re8 8. Bg5 e5 9. 0-0 h6 10. Bxf6 Nxf6 11. dxe5 dxe5 12. Be2 Bf5 13. Qxd8 Raxd8 14. Rad1 Nd7 15. Rd2 Nc5 16. Rfd1 Rxd2 17. Rxd2 e4 18. Nd4 Rd8 19. Nd5 c6 20. Nxf5 cxd5 21. Ne7+ Kf8 22. Nxd5 Na4 23. b3 Nb6 24. f3 f5 25. Rc2 Nxd5 26. cxd5 Rxd5 27. Rc8+ Ke7 28. Rg8 Kf6 29. Ra8 Rd2 30. Bc4 Rxa2 31. fxe4 fxe4 32. Re8 Ra5 33. Re6+ Kf5 34. g4+ Kxg4 35. Rxe4+ Kf3 36. Re7 b5 37. Bd5+ Ke2 38. Rxg7 b4 39. Bc4+ Kxe3 40. Rxg6 Rg5+ 41. Rxg5 hxg5 42. Kg2 Kf4 43. Ba6 Kg4 44. h3+ Kf4 45. Bc8 a5 46. Bd7 Ke5 47. Kg3 Kf6 48. Kg4 Kg6 49. Bf5+ Kf6 50. Bc2 Kg7 51. Kxg5 Kf7 52. Kf5 Ke7 53. Ke5 Kd7 54. Kd5 1-0

[Event "GRE-ch U14"]
[Site "Patras"]
[Date "2021.09.02"]
[Round "5"]
[White "Georgiadis, Athanasios Kat"]
[Black "Moschat, Iosif Theodoros"]
[Result "1/2-1/2"]
[WhiteElo "1552"]
[BlackElo "1250"]
[PlyCount "137"]
[EventDate "2021.08.30"]
[EventType "swiss"]
[EventRounds "9"]
[EventCountry "GRE"]
[SourceTitle "EXT 2022"]
[Source "ChessBase"]
[SourceDate "2021.10.06"]
[SourceVersion "1"]
[SourceVersionDate "2021.10.06"]
[SourceQuality "1"]

1. e4 e5 2. Nf3 Nc6 3. Bb5 Bc5 4. c3 d6 5. d4 exd4 6. cxd4 Bb4+ 7. Bd2 Bxd2+ 8. Nbxd2 a6 9. Bxc6+ bxc6 10. 0-0 Ne7 11. Re1 0-0 12. Nf1 Ng6 13. Ng3 Bg4 14. h3 Bd7 15. Rc1 Qb8 16. b3 Qb5 17. Qd2 a5 18. e5 Rfd8 19. Qc3 a4 20. Ne4 Nf4 21. Rc2 Bf5 22. Qe3 Nd3 23. Rd1 Nb4 24. Re2 Nd5 25. Qd2 axb3 26. axb3 Qxb3 27. Rde1 Bxh3 28. Qg5 h6 29. Qh4 Bf5 30. Ng3 Bd3 31. Rd2 Re8 32. Qg4 Bg6 33. Nh4 Ne7 34. f4 Ra3 35. Kh2 h5 36. Qh3 Bh7 37. Rde2 Nd5 38. Nxh5 Qxh3+ 39. gxh3 Bg6 40. Nxg6 fxg6 41. Ng3 Nxf4 42. Rc2 dxe5 43. dxe5 Nd3 44. Re3 Rxe5 45. Rxe5 Nxe5 46. Kg2 Ra4 47. Rc5 Ra2+ 48. Kf1 Nd3 49. Rxc6 Rf2+ 50. Kg1 Rf7 51. Ne4 Ne5 52. Rc5 Re7 53. Ng5 Nd3 54. Rc6 Ne5 55. Rc5 Nf7 56. Nf3 Kh7 57. Kg2 Nh6 58. Ng5+ Kg8 59. Rc6 Nf7 60. Nf3 Kh7 61. Kg3 Ne5 62. Nxe5 Rxe5 63. Rxc7 Kh6 64. Rc4 g5 65. Rc6+ g6 66. Rc8 Re3+ 67. Kg4 Re4+ 68. Kg3 Kg7 69. Ra8 1/2-1/2

[Event "GRE-chT Online Rapid op 1st"]
[Site "Tornelo INT"]
[Date "2021.02.21"]
[Round "5.21"]
[White "Koskinas, Ioannis Marios"]
[Black "Moschat, Iosif Theodoros"]
[Result "0-1"]
[WhiteElo "1772"]
[BlackElo "1221"]
[PlyCount "58"]
[EventDate "2021.02.20"]
[EventType "team-swiss (rapid)"]
[EventRounds "9"]
[EventCountry "GRE"]
[SourceTitle "EXT 2023"]
[Source "ChessBase"]
[SourceDate "2022.10.05"]
[SourceVersion "1"]
[SourceVersionDate "2022.10.05"]
[SourceQuality "1"]

1. e4 e5 2. Nf3 Nc6 3. Bb5 Bc5 4. c3 d6 5. h3 Nf6 6. d3 0-0 7. Bg5 Bd7 8. Nbd2 Qe7 9. b4 Bb6 10. Nc4 Be6 11. Nxb6 axb6 12. Qc2 Bd7 13. Bc4 Be6 14. Bxe6 Qxe6 15. 0-0 Nh5 16. Nh4 Ne7 17. Qb3 d5 18. g4 Nf4 19. Bxf4 exf4 20. Nf5 Nxf5 21. exf5 Qh6 22. Kh2 f3 23. Qxd5 Qf4+ 24. Kh1 Rfe8 25. Rfe1 h5 26. Qd4 Qg5 27. Kh2 Qh4 28. Re4 Rxe4 29. dxe4 hxg4 0-1

[Event "GRE-chT Online Rapid op 1st"]
[Site "Tornelo INT"]
[Date "2021.02.21"]
[Round "6.20"]
[White "Moschat, Iosif Theodoros"]
[Black "Papachristopoulos, Georgios"]
[Result "0-1"]
[WhiteElo "1221"]
[BlackElo "1389"]
[PlyCount "72"]
[EventDate "2021.02.20"]
[EventType "team-swiss (rapid)"]
[EventRounds "9"]
[EventCountry "GRE"]
[SourceTitle "EXT 2023"]
[Source "ChessBase"]
[SourceDate "2022.10.05"]
[SourceVersion "1"]
[SourceVersionDate "2022.10.05"]
[SourceQuality "1"]

1. d4 Nf6 2. c4 e5 3. d5 Bc5 4. Bg5 d6 5. Nc3 Bxf2+ 6. Kxf2 Ng4+ 7. Ke1 Qxg5 8. Nf3 Qe3 9. Qd3 Qf2+ 10. Kd2 g6 11. h3 Bf5 12. Ne4 Bxe4 13. Qxe4 f5 14. Qc2 Ne3 15. Qb3 f4 16. Qxb7 Nxc4+ 17. Kc3 Nb6 18. Qxc7 Nxd5+ 19. Kd3 Nxc7 20. e4 Qe3+ 21. Kc2 0-0 22. Bc4+ Kg7 23. Rae1 Qc5 24. b3 Nc6 25. Kb2 Nd4 26. Ng5 h6 27. Nf3 Ncb5 28. Nxd4 Qa3+ 29. Kb1 Nc3+ 30. Kc2 exd4 31. Ra1 f3 32. gxf3 Rxf3 33. Rh2 Raf8 34. Rhh1 Rf2+ 35. Kd3 R8f3+ 36. Kxd4 Qc5# 0-1

[Event "GRE-chT Online Rapid op 1st"]
[Site "Tornelo INT"]
[Date "2021.02.21"]
[Round "8.23"]
[White "Petratos, Georgios"]
[Black "Moschat, Iosif Theodoros"]
[Result "1-0"]
[WhiteElo "1520"]
[BlackElo "1221"]
[PlyCount "53"]
[EventDate "2021.02.20"]
[EventType "team-swiss (rapid)"]
[EventRounds "9"]
[EventCountry "GRE"]
[SourceTitle "EXT 2023"]
[Source "ChessBase"]
[SourceDate "2022.10.05"]
[SourceVersion "1"]
[SourceVersionDate "2022.10.05"]
[SourceQuality "1"]

1. e4 e5 2. Nf3 Nc6 3. Nc3 Nf6 4. d4 exd4 5. Nd5 Bc5 6. Bg5 Be7 7. Nxe7 Qxe7 8. Bd3 d6 9. 0-0 Bg4 10. h3 Bh5 11. Re1 Ne5 12. g4 Bg6 13. Nxd4 h5 14. Nf5 Qf8 15. Bb5+ Nfd7 16. f4 Nc6 17. e5 dxe5 18. fxe5 Qc5+ 19. Kh1 Qxb5 20. Nxg7+ Kf8 21. Qxd7 Kxg7 22. Bf6+ Kh6 23. Qd2+ Kh7 24. gxh5 Bxh5 25. Qg5 Qd5+ 26. Kh2 Nd4 27. Qg7# 1-0

[Event "GRE-ch Online Blitz op 1st"]
[Site "Tornelo INT"]
[Date "2021.02.07"]
[Round "1"]
[White "Lytras, Iosif"]
[Black "Moschat, Iosif Theodoros"]
[Result "1-0"]
[WhiteElo "1760"]
[BlackElo "1136"]
[PlyCount "117"]
[EventDate "2021.02.07"]
[EventType "swiss (blitz)"]
[EventRounds "16"]
[EventCountry "GRE"]
[SourceTitle "EXT 2023"]
[Source "ChessBase"]
[SourceDate "2022.10.05"]
[SourceVersion "1"]
[SourceVersionDate "2022.10.05"]
[SourceQuality "1"]

1. e4 e5 2. Nf3 Nc6 3. Bc4 Nf6 4. Ng5 d5 5. exd5 Na5 6. Bb5+ c6 7. dxc6 bxc6 8. Be2 Be7 9. d3 0-0 10. Nc3 Nd5 11. Nf3 Bd6 12. 0-0 Qf6 13. Ne4 Qg6 14. Nh4 Qe6 15. Nxd6 Qxd6 16. Bd2 Nb7 17. Nf3 f5 18. d4 exd4 19. Nxd4 Nc5 20. c4 Nf6 21. Nf3 Nce4 22. Be3 Qxd1 23. Raxd1 Be6 24. b3 Rfd8 25. Rxd8+ Rxd8 26. Rd1 Rxd1+ 27. Bxd1 Ng4 28. Nd4 Bf7 29. Nxc6 Nxe3 30. fxe3 Nc3 31. Bf3 Nxa2 32. Nxa7 Nc1 33. Bd5 Bxd5 34. cxd5 Nxb3 35. Kf2 Nc5 36. Kf3 Kf7 37. Nb5 g6 38. Kf4 Kf6 39. Kf3 Ke5 40. Nc3 Ne4 41. Nxe4 fxe4+ 42. Kg4 Kxd5 43. Kf4 h6 44. h4 h5 45. g3 Kc4 46. Kxe4 Kc5 47. Kf4 Kd5 48. e4+ Ke6 49. Kg5 Kf7 50. e5 Ke6 51. Kxg6 Kxe5 52. Kxh5 Kf5 53. Kh6 Kf6 54. g4 Kf7 55. Kh7 Kf6 56. h5 Kg5 57. Kg7 Kxg4 58. h6 Kg5 59. h7 1-0

[Event "GRE-ch Online Blitz op 1st"]
[Site "Tornelo INT"]
[Date "2021.02.07"]
[Round "16"]
[White "Moschat, Iosif Theodoros"]
[Black "Tzatzimakis, Theodoros"]
[Result "1/2-1/2"]
[WhiteElo "1136"]
[BlackElo "1008"]
[PlyCount "54"]
[EventDate "2021.02.07"]
[EventType "swiss (blitz)"]
[EventRounds "16"]
[EventCountry "GRE"]
[SourceTitle "EXT 2023"]
[Source "ChessBase"]
[SourceDate "2022.10.05"]
[SourceVersion "1"]
[SourceVersionDate "2022.10.05"]
[SourceQuality "1"]

1. d4 d5 2. c4 c6 3. Nc3 Bf5 4. cxd5 cxd5 5. Qb3 e6 6. Qxb7 Nd7 7. Nb5 Qa5+ 8. Bd2 Qd8 9. Nc7+ Ke7 10. Nxa8 Bc2 11. Bb4+ Kf6 12. Bxf8 Qa5+ 13. Bb4 Qa4 14. b3 Bxb3 15. Be7+ Nxe7 16. Qxb3 Qa5+ 17. Kd1 Rxa8 18. Qf3+ Nf5 19. g4 Qa4+ 20. Qb3 Qxd4+ 21. Ke1 Qxa1+ 22. Qd1 Qxa2 23. gxf5 Qa5+ 24. Qd2 Qa1+ 25. Qd1 Qa5+ 26. Qd2 Qa1+ 27. Qd1 Qa5+ 1/2-1/2

[Event "GRE-ch Online Rapid op 1st"]
[Site "Tornelo INT"]
[Date "2021.02.06"]
[Round "2"]
[White "Moschat, Iosif Theodoros"]
[Black "Kanellis, Nikolaos"]
[Result "1/2-1/2"]
[WhiteElo "1154"]
[BlackElo "1612"]
[PlyCount "84"]
[EventDate "2021.02.06"]
[EventType "swiss (rapid)"]
[EventRounds "8"]
[EventCountry "GRE"]
[SourceTitle "EXT 2023"]
[Source "ChessBase"]
[SourceDate "2022.10.05"]
[SourceVersion "1"]
[SourceVersionDate "2022.10.05"]
[SourceQuality "1"]

1. d4 Nf6 2. c4 e6 3. Nc3 Bb4 4. Bg5 h6 5. Bh4 c5 6. d5 Qa5 7. Bxf6 gxf6 8. Qc2 b5 9. dxe6 dxe6 10. e3 a6 11. a3 Bxc3+ 12. bxc3 Bb7 13. f3 Nd7 14. Bd3 Rg8 15. Kf2 Ne5 16. Be4 0-0-0 17. Bxb7+ Kxb7 18. cxb5 Nd3+ 19. Kf1 c4 20. bxa6+ Kxa6 21. Nh3 Rb8 22. Ra2 Qxc3 23. Qa4+ Kb6 24. g3 Kc5 25. Qa7+ Kc6 26. Qxf7 Qc1+ 27. Kg2 Rb2+ 28. Rxb2 Qxb2+ 29. Nf2 Qxf2+ 30. Kh3 Rg5 31. Qxe6+ Kc5 32. Qc8+ Kd6 33. Qa6+ Kc5 34. Qc8+ Kd6 35. Qa6+ Ke7 36. Qb7+ Kf8 37. Qc8+ Kg7 38. Qd7+ Kg6 39. Qe8+ Kg7 40. Qe7+ Kg6 41. Qe8+ Kg7 42. Qe7+ Kg6 1/2-1/2

[Event "GRE-ch Online Rapid op 1st"]
[Site "Tornelo INT"]
[Date "2021.02.06"]
[Round "5"]
[White "Parastatidis, Charalampos"]
[Black "Moschat, Iosif Theodoros"]
[Result "1-0"]
[WhiteElo "1399"]
[BlackElo "1154"]
[PlyCount "47"]
[EventDate "2021.02.06"]
[EventType "swiss (rapid)"]
[EventRounds "8"]
[EventCountry "GRE"]
[SourceTitle "EXT 2023"]
[Source "ChessBase"]
[SourceDate "2022.10.05"]
[SourceVersion "1"]
[SourceVersionDate "2022.10.05"]
[SourceQuality "1"]

1. e4 e5 2. Nf3 Nc6 3. Bb5 Bc5 4. 0-0 d6 5. c3 a6 6. Ba4 b5 7. Bb3 Be6 8. d4 Bxb3 9. axb3 Bb6 10. d5 Nce7 11. Be3 Bxe3 12. fxe3 Nf6 13. Nbd2 Ng6 14. h3 0-0 15. b4 Qd7 16. Qc2 Nh5 17. Nb3 Qe7 18. Na5 Nh4 19. Nc6 Qf6 20. Nxh4 Qxh4 21. Rf3 Ng3 22. Qf2 Qxe4 23. Qxg3 Qxd5 24. Ne7+ 1-0

[Event "GRE-ch U10"]
[Site "Rio Achaia"]
[Date "2018.07.03"]
[Round "1"]
[White "Moschat, Iosif Theodoros"]
[Black "Antonioudakis, Georgios"]
[Result "0-1"]
[WhiteElo "1050"]
[BlackElo "1327"]
[PlyCount "98"]
[EventDate "2018.07.03"]
[EventType "swiss"]
[EventRounds "9"]
[EventCountry "GRE"]
[SourceTitle "EXT 2019"]
[Source "ChessBase"]
[SourceDate "2018.10.10"]
[SourceVersion "1"]
[SourceVersionDate "2018.10.10"]
[SourceQuality "1"]

1. d4 Nf6 2. c4 g6 3. Nc3 Bg7 4. e4 d6 5. Nf3 0-0 6. Be2 e5 7. dxe5 dxe5 8. Qxd8 Rxd8 9. Nxe5 Nxe4 10. Nxe4 Bxe5 11. 0-0 Bf5 12. Nc3 Nc6 13. Bf3 Bd3 14. Re1 Bxc4 15. Bxc6 Bxc3 16. Bg5 Bxe1 17. Bxd8 Rxd8 18. Bxb7 Ba5 19. Bf3 Bb6 20. b3 Be6 21. Rc1 Rd2 22. a3 Rxf2 23. Kh1 Bxb3 24. h3 Rc2 25. Rb1 Be6 26. Rd1 Ra2 27. Rd3 Bc5 28. Rc3 Bd6 29. Rc1 Rxa3 30. Rb1 Rb3 31. Ra1 a5 32. Kg1 Bg3 33. Be2 Re3 34. Kf1 Re5 35. Ra4 Rc5 36. Kg1 Rc1+ 37. Bf1 Bf5 38. Ra3 Be5 39. Kf2 Rc2+ 40. Be2 Bd4+ 41. Ke1 Bc3+ 42. Kd1 Rd2+ 43. Ke1 Bb4 44. Rf3 Rd3+ 45. Kf2 Rxf3+ 46. Bxf3 a4 47. Ke2 a3 48. Bd5 Be6 49. Bxe6 fxe6 0-1